| 000 | 00728nac a22002171u 4500 | ||
|---|---|---|---|
| 008 | 100901t2003 xxu|||||r|||| 001 0 eng d | ||
| 010 | _a2002035453 | ||
| 020 | _a0131225391 | ||
| 020 | _a9780131225398 | ||
| 082 | 0 | 0 |
_a621.811 _bWIL _222 |
| 100 |
_aWilson, Charles E. _917780 |
||
| 245 | 1 | 0 |
_aKinematics and Dynamics of Machinery / _cCharles E. Wilson and J. Peter Sadler. |
| 250 | _a3rd ed. | ||
| 260 |
_aUpper Saddle River, N.J. : _bPrentice Hall International, _cc2003. |
||
| 300 |
_axxviii, 900 p. : _bill. ; _c24 cm. |
||
| 500 | _aIncludes index. | ||
| 650 | 0 |
_aMachinery, Kinematics of. _917781 |
|
| 650 | 0 |
_aMachinery, Dynamics of. _917782 |
|
| 700 | 1 |
_aSadler, J. Peter. _917783 |
|
| 942 |
_cBB _k621.811WIL _2ddc |
||
| 999 |
_c835 _d835 |
||